The Green Boat : Reviving Ourselves and our Capsized Culture /

We'll explore the deluge tidal of information, including a great deal of traumatic information about the fate of Mother Earth, that all of us are confronted with daily. I'll share the steps of a trauma-to-transcendence cycle that begins with awareness, leads to resilient coping and then co...

Full description

Bibliographic Details
Corporate Author: Milton H. Erickson Foundation
Other Authors: Pipher, Mary Bray (Speaker)
Format: Video
Language:English
Language Notes:In English.
Published: Phoenix, AZ : Milton H. Erickson Foundation, 2013.
Series:The video journal of counseling and therapy, 2014
Evolution of Psychotherapy
Subjects:
Online Access:Connect to this streaming video (Alexander Street Press)

MARC

Tag First Indicator Second Indicator Subfields
LEADER 00000cgm a2200000Ma 4500
001 in00005566513
006 m o c
007 cr |n||||||||a
007 vz |za|z|
008 141114s2013 azu067 e o vueng d
005 20241201231639.9
035 |a (OCoLC)ocn898207174 
040 |a ALSTP  |b eng  |e pn  |c ALSTP  |d OCLCO  |d OCLCF  |d OCLCQ  |d OCLCO  |d OCLCA  |d NKT  |d OCLCO  |d OCL  |d OCLCO  |d OCLCQ 
035 |a (OCoLC)898207174 
049 |a TXAM 
245 0 4 |a The Green Boat :  |b Reviving Ourselves and our Capsized Culture /  |c by Mary Pipher. 
260 |a Phoenix, AZ :  |b Milton H. Erickson Foundation,  |c 2013. 
300 |a 1 online resource (67 min.). 
306 |a 010623 
336 |a two-dimensional moving image  |b tdi  |2 rdacontent 
337 |a computer  |b c  |2 rdamedia 
338 |a online resource  |b cr  |2 rdacarrier 
490 0 |a The video journal of counseling and therapy, 2014 
490 0 |a Evolution of Psychotherapy 
520 |a We'll explore the deluge tidal of information, including a great deal of traumatic information about the fate of Mother Earth, that all of us are confronted with daily. I'll share the steps of a trauma-to-transcendence cycle that begins with awareness, leads to resilient coping and then continues to a transcendent response. This cycle always involves action and creates hope. 
546 |a In English. 
650 0 |a Social change  |x Psychological aspects. 
650 0 |a Social problems  |x Psychological aspects. 
650 0 |a Adjustment (Psychology) 
650 0 |a Culture shock. 
650 0 |a Culture conflict. 
650 6 |a Problèmes sociaux  |x Aspect psychologique. 
650 6 |a Ajustement (Psychologie) 
650 6 |a Conflit culturel. 
650 7 |a Culture conflict  |2 fast 
650 7 |a Adjustment (Psychology)  |2 fast 
650 7 |a Culture shock  |2 fast 
650 7 |a Social change  |x Psychological aspects  |2 fast 
650 7 |a Social problems  |x Psychological aspects  |2 fast 
655 7 |a Instructional films  |2 fast 
655 7 |a Instructional films.  |2 lcgft 
655 7 |a Films de formation.  |2 rvmgf 
700 1 |a Pipher, Mary Bray.  |4 spk 
710 2 |a Milton H. Erickson Foundation. 
856 4 0 |u http://proxy.library.tamu.edu/login?url=https://www.aspresolver.com/aspresolver.asp?CJV2;2542877  |z Connect to this streaming video (Alexander Street Press)  |t 0 
955 |a Alexander Street Press subscription streaming video 
994 |a 92  |b TXA 
999 f f |s 7eeeff5e-5eb4-427e-9c37-61357005c6d4  |i 5d5dcc41-869e-4d0c-b856-fee396208a5e  |t 0 
952 f f |a Texas A&M University  |b College Station  |c Electronic Resources  |d Available Online  |t 0  |h Library of Congress classification 
998 f f |t 0  |l Available Online